LDR 00918naa#a2200169#i#450# 001 RU\INFRA-M\bibl\125695 005 20260704015449.6 011 ## _a2306-627X 100 ## _a20260615b2026####ek#y0rusy0150####ca 102 ## _aRU 200 1# _aОсобенности налогообложения страхования жизни _eЖурнальная статья 210 1# _aМосква _cОбщество с ограниченной ответственностью «Научно-издательский центр ИНФРА-М» _d2026 215 ## _a3 с. 608 ## _aЖурнальная статья _2local 675 ## _aФинансы. Банковское дело. Деньги и денежное обращение. 336 _aГосударственное право. Конституционное право. Административное право. 342 _z 700 #1 _aСтароверова _gО. В. 856 4# _anaukaru.ru _u